00862nam a22002417a 450000500170000001000130001702000220003003500130005203700160006504000120008108200180009310000230011124500590013426000510019327000480024430000210029250000200031365000330033365000310036694200270039799900190042495201770044320170124105959.0 aB-058548 c00.00a8176482528 aB-058548 bCen Lib/Ret aDPLbEN a363.3495bRED aReddy, L.R.915358 aThe pain and horror Gujrat earthquake /cby L.R. Reddy aNew DelhibA.P.H. Publishing Corporationc2001 a5,Ansari Road Darya GanjbNew Delhie110002 a297p. c21cm(Hb) aIncludes index  aEnvironmental Science910584 aEarthquake--Gujarat986245 2ddccENh363.3495mRED c125741d125741 04104070aLbLd2015-06-23eCen Lib/Retg0.00l1o363.3495 REDpB-058548r2018-07-26 00:00:00s2018-07-12t1v0.00w2015-06-23yENzW/d List No. 6868/22 ; dtd 11/08/2020